Why buildings stand up (Record no. 106403)

MARC details
000 -LEADER
fixed length control field 01095cam a2200217 4500
001 - CONTROL NUMBER
control field L136483
008 - FIXED-LENGTH DATA ELEMENTS--GENERAL INFORMATION
fixed length control field 070202n2002 000 0 eng u
020 ## - INTERNATIONAL STANDARD BOOK NUMBER
International Standard Book Number 0393306763
-- 978039330676
035 ## - SYSTEM CONTROL NUMBER
System control number (Sirsi) u136483
050 ## - LIBRARY OF CONGRESS CALL NUMBER
Classification number 690.21 $2 21
100 ## - MAIN ENTRY--PERSONAL NAME
Personal name Salvadori, Mario
245 ## - TITLE STATEMENT
Title Why buildings stand up
Remainder of title the strength of architecture
260 ## - PUBLICATION, DISTRIBUTION, ETC.
Place of publication, distribution, etc. New York
Name of publisher, distributor, etc. W W Norton & Co Ltd
Date of publication, distribution, etc. 2002
300 ## - PHYSICAL DESCRIPTION
Extent 323p.
Other physical details ill
Dimensions 24cm.
350 ## - PRICE (NR) (BK AM CF MU VM SE) [OBSOLETE]
Price 11.50
505 ## - FORMATTED CONTENTS NOTE
Formatted contents note Structures -- The Pyramids -- Loads -- Materials -- Beams and columns -- Houses -- Skyscrapers -- The Eiffel Tower -- Bridges -- The Brooklyn Bridge -- Form-reistant structures -- The unfinished cathedral -- Domes -- Hagia Sophia -- Tents and balloons -- The hanging sky -- The message of structure.
520 ## - SUMMARY, ETC.
Summary, etc. Introduces building methods from ancient times to the present day, including recent advances in science and technology that have had important effects on the planning and construction of buildings.
651 #4 - SUBJECT ADDED ENTRY--GEOGRAPHIC NAME
Geographic name International
690 ## - LOCAL SUBJECT ADDED ENTRY--TOPICAL TERM (OCLC, RLIN)
Topical term or geographic name as entry element BUILT ENVIRONMENT-CONSTRUCTION DESIGN-ARCHITECTURAL DESIGN
942 ## - ADDED ENTRY ELEMENTS (KOHA)
Suppress in OPAC 0
Holdings
Withdrawn status Lost status Source of classification or shelving scheme Damaged status Not for loan Home library Current library Shelving location Date acquired Cost, normal purchase price Total Checkouts Full call number Barcode Date last seen Date last checked out Copy number Cost, replacement price Price effective from Koha item type
    Dewey Decimal Classification     London London Books 19/02/2007 7.59 9 690.21 SAL 30073686 06/08/2019 23/07/2010 1 7.59 06/08/2019 Book